Loading...
Current Events | 1 | 0.00 | 0% | 0% | 0% |
Fine Arts - Auditory Fine Arts | 2 | 0.00 | 0% | 0% | 0% |
Fine Arts - Other Fine Arts | 1 | 20.00 | 100% | 100% | 0% |
Fine Arts - Visual Fine Arts | 3 | 6.67 | 67% | 0% | 0% |
Geography | 1 | 10.00 | 100% | 0% | 0% |
History - American History | 3 | 13.33 | 100% | 33% | 0% |
History - European History | 4 | 12.50 | 100% | 25% | 0% |
History - Other History | 3 | 13.33 | 100% | 33% | 0% |
History - World History | 2 | 5.00 | 50% | 0% | 0% |
Literature - American Literature | 4 | 10.00 | 75% | 0% | 25% |
Literature - British Literature | 6 | 6.67 | 67% | 0% | 0% |
Literature - European Literature | 1 | 10.00 | 100% | 0% | 0% |
Literature - World Literature | 3 | 6.67 | 67% | 0% | 0% |
Mythology | 4 | 10.00 | 75% | 25% | 0% |
Other Academic | 1 | 10.00 | 100% | 0% | 0% |
Philosophy | 3 | 6.67 | 67% | 0% | 0% |
Religion | 5 | 8.00 | 60% | 20% | 0% |
Science - Biology | 3 | 10.00 | 100% | 0% | 0% |
Science - Chemistry | 1 | 0.00 | 0% | 0% | 0% |
Science - Other Science | 2 | 15.00 | 100% | 50% | 0% |
Science - Physics | 2 | 0.00 | 0% | 0% | 0% |
Social Science | 5 | 8.00 | 80% | 0% | 0% |